Marketingový audit zvolenej firmy bakalárska práca

Salvato in:
Dettagli Bibliografici
Autore principale: Nechalová, Nikola
Ente Autore: Obchodná fakulta EU. Katedra marketingu
Altri autori: Kličková, Šárka
Natura: Libro
Lingua:slovacco
Pubblicazione: Bratislava 2013
Tags: Aggiungi Tag
Nessun Tag, puoi essere il primo ad aggiungerne!!

MARC

LEADER 00000nbm a2200000 4500
001 0171288
005 20170315090439.6
041 0 |a slo 
044 |a SK 
245 1 0 |a Marketingový audit zvolenej firmy  |b bakalárska práca  |c Nikola Nechalová ; školiteľ: Šárka Kličková 
264 1 |a Bratislava  |c 2013 
300 |a 48 s. 
100 1 |a Nechalová, Nikola 
700 1 |a Kličková, Šárka 
710 2 |a Obchodná fakulta EU. Katedra marketingu